LEADER 01294nam a2200313 u 4500 001 000000116602 003 CaOOAMICUS 005 20090708180808.0 008 090708s2009 it u000 u ita r 020 $z978-88-07-10443-5* 040 $aPUL$bita$dLDB 041 1 $aita$heng 100 1 $aTaylor, Charles,$d1931-$0(OLS)http://pul/name/53594 240 10$aSecular age.$lItaliano.$0(OLS)http://pul/title/146550 245 12$aL'età secolare /$cCharles Taylor ; edizione italiana a cura di Paolo Costa. 260 $aMilano :$bFeltrinelli,$c2009. 300 $a1072 p. ;$c22 cm. 490 1 $aCampi del sapere/ Feltrinelli 500 $aInclude indici. 504 $aBibliografia in nota. 650 4$aSecolarizzazione.$0(OLS)http://pul/subject/641 650 4$aCristianesimo e secolarizzazione.$0(OLS)http://pul/subject/35604 830 0$aCampi del sapere (Feltrinelli).$0(OLS)http://pul/title/20268 850 $aPUL 852 $aPUL$W1$xSL Religione 3$y85$m211. 6 TAYCH 1$j133886$b $qDDC 21$B132914$CPULBib$Z2$F132914 $H110980 $82 941 1 $a9 996 $6020$z978-88-07-10443-5*$9(OLS)http://pul/number/141407 996 $6245$aL'età secolare$9(OLS)http://pul/title/146549 996 $6260$aMilano :$bFeltrinelli$9(OLS)http://pul/publisher/48846 LEADER 01198cam a2200289 a 4500 001 000000135026 003 CaOOAMICUS 005 20130718092113.0 008 130718s1997 it u000 u ita r 020 $z88-06-14328-X* 040 $aPUL$bita 100 1 $aVacca, Giuseppe.$0(OLS)http://pul/name/39174 245 10$aVent'anni dopo :$bla sinistra fra mutamenti e revisioni /$cGiuseppe Vacca. 260 $aTorino :$bEinaudi,$c©1997. 300 $aXIII, 252 p. ;$c20 cm 490 1 $aEinaudi contemporanea ;$v51 650 4$aPolitica$xStoria$ySec. XX.$0(OLS)http://pul/subject/19124 651 4$aItalia$xPolitica e governo$y1970-1990.$0(OLS)http://pul/subject/39764 830 0$aEinaudi contemporanea ;$v51.$0(OLS)http://pul/title/635 850 $aPUL 852 $aPUL$W1$xDP1 Fondo E. Rossi$y115$m1 V 2$j155406$qFondi$B154959$CPULBib$Z2$F154959 $82 941 1 $a1 961 $aSul dorso collocazione ms. di E. Rossi: V 1 1 0 996 $6020$z88-06-14328-X*$9(OLS)http://pul/number/153344 996 $6245$aVent'anni dopo :$bla sinistra fra mutamenti e revisioni$9(OLS)http://pul/title/170774 996 $6260$aTorino :$bEinaudi$9(OLS)http://pul/publisher/48130